000
00330nam a2200133Ia 4500
005
20251222144911.0
008
251222s9999||||xx |||||||||||||| ||spa||
020
_a
9972-2507-0-9
082
_a
361.778.5/B27
100
_a
Batalla Sotelo, Carlos
245
0
_a
Una idea, una acción:
264
_b
Cruz Roja Peruana
942
_c
LIB
999
_c
22354
_d
22354